000 00202 a2200097 4500
001 11112
100 _aAltaf Gauhar
245 _aPakistan
260 _a
_bPakistan Publications
_c
090 _c8667
_d8667
942 _aNUST-CAE
_cM
_c35452
999 _c246185
_d246185